| 000 | 00553nam a2200181Ia 4500 | ||
|---|---|---|---|
| 008 | 100917s9999 xx 000 0 und d | ||
| 082 | _b27338 | ||
| 100 | _aपोतनीस श्री. पु. व कोंडेकर | ||
| 245 | _aप्लास्टिक | ||
| 260 |
_bअनिरूध्द साहित्य _c1975 |
||
| 300 | _a124 | ||
| 365 | _b10 | ||
| 520 | _aसृ. प. वि. | ||
| 630 | _aप्लास्टिक | ||
| 650 | _aसृ. प. वि. | ||
| 730 | _aप्लास्टिक | ||
| 942 | _cBOOK | ||
| 999 |
_c632732 _d632729 |
||